[Event "Tartu Estiko Blitz op 2nd"]
[Site "Tartu"]
[Date "2025.04.24"]
[Round "4"]
[White "Obolonin, Filipp"]
[Black "Meskovs, Nikita"]
[Result "0-1"]
[WhiteElo "2103"]
[BlackElo "2539"]
[PlyCount "98"]
[EventDate "2025.04.24"]
[EventType "swiss (blitz)"]
[EventRounds "9"]
[EventCountry "EST"]
[SourceTitle "CB20_2025"]
[SourceDate "2025.05.14"]
[SourceVersion "1"]
[SourceVersionDate "2025.05.14"]
[SourceQuality "1"]

1. d4 Nf6 2. Nf3 e6 3. g3 b5 4. Bg2 Bb7 5. 0-0 c5 6. c3 d5 7. Bg5 Nbd7 8. Nbd2 Be7 9. e3 0-0 10. Re1 a5 11. a4 b4 12. Bf1 c4 13. Bxf6 Nxf6 14. Bg2 Bd6 15. Ne5 Bxe5 16. dxe5 Nd7 17. Nxc4 bxc3 18. bxc3 Ba6 19. Na3 Nxe5 20. e4 dxe4 21. Bxe4 Rc8 22. Nb5 Qxd1 23. Raxd1 Rc5 24. f4 Nc4 25. Rd7 Bxb5 26. axb5 Rxb5 27. Red1 Rc5 28. Rd8 g6 29. R8d7 a4 30. Ra7 a3 31. Rdd7 h5 32. Bd3 Nb6 33. Rdb7 Rxc3 34. Bxg6 a2 35. Bxf7+ Rxf7 36. Rxf7 a1Q+ 37. Rxa1 Kxf7 38. Ra5 Nd5 39. f5 Rc1+ 40. Kf2 Rc2+ 41. Kg1 Kf6 42. fxe6 Kxe6 43. h3 Ke5 44. Ra4 Rc3 45. Rh4 Rxg3+ 46. Kh2 Rg5 47. Ra4 Rf5 48. Kg3 Kf6 49. Kh4 Rf4+ 0-1

[Event "EST-ch"]
[Site "Tallinn"]
[Date "2024.12.19"]
[Round "4.2"]
[White "Obolonin, Filipp"]
[Black "Kanep, Meelis"]
[Result "1/2-1/2"]
[WhiteElo "2009"]
[BlackElo "2377"]
[PlyCount "134"]
[EventDate "2024.12.12"]
[EventType "k.o."]
[EventRounds "4"]
[EventCountry "EST"]
[SourceTitle "CB52_2024"]
[SourceDate "2024.12.25"]
[SourceVersion "1"]
[SourceVersionDate "2024.12.25"]
[SourceQuality "1"]

1. d4 d5 2. Nf3 Nf6 3. g3 Bf5 4. Bg2 e6 5. 0-0 Be7 6. c4 c6 7. Nc3 h6 8. Nd2 0-0 9. e4 dxe4 10. Ndxe4 Nxe4 11. Nxe4 Nd7 12. Nc3 Nf6 13. h3 Qb6 14. Na4 Qa6 15. Qb3 Rac8 16. Be3 Be4 17. f3 Bg6 18. Nc5 Bxc5 19. dxc5 Nd7 20. Rfd1 Rc7 21. Rd6 Qa5 22. Qd1 Nxc5 23. a3 Na6 24. Bxa7 Nc5 25. Bxc5 Qxc5+ 26. Qd4 Qxd4+ 27. Rxd4 e5 28. Rd6 Bf5 29. Rad1 Re8 30. Kf2 Kf8 31. Ke3 Be6 32. c5 Bd5 33. Bf1 Ra8 34. Rd3 Ke7 35. f4 exf4+ 36. Kxf4 Kf8 37. Ke3 Re7+ 38. Kd2 Rae8 39. R6xd5 cxd5 40. Rxd5 Re5 41. Rxe5 Rxe5 42. b4 Ke8 43. Bg2 Re7 44. a4 Kd8 45. Kd3 Kc7 46. a5 Re1 47. b5 Ra1 48. a6 b6 49. Kd4 Rd1+ 50. Ke5 Ra1 51. Kd4 Rd1+ 52. Ke5 Ra1 53. Kd4 bxc5+ 54. Kxc5 Rc1+ 55. Kd4 Kb6 56. Ke3 Ra1 57. Bc6 Ra4 58. Kf3 Rb4 59. h4 g5 60. hxg5 hxg5 61. g4 f6 62. Kg3 Rb3+ 63. Kf2 Ra3 64. Kg2 Rb3 65. Kf2 Ra3 66. Kg2 Rb3 67. Kf2 Ra3 1/2-1/2

[Event "EST-ch"]
[Site "Tallinn"]
[Date "2024.12.13"]
[Round "1.4"]
[White "Obolonin, Filipp"]
[Black "Maidla, Vallo"]
[Result "1-0"]
[WhiteElo "2009"]
[BlackElo "2381"]
[PlyCount "85"]
[EventDate "2024.12.12"]
[EventType "k.o."]
[EventRounds "4"]
[EventCountry "EST"]
[SourceTitle "CB52_2024"]
[SourceDate "2024.12.25"]
[SourceVersion "1"]
[SourceVersionDate "2024.12.25"]
[SourceQuality "1"]

1. d4 Nf6 2. Nf3 c5 3. c3 b6 4. g3 Bb7 5. Bg2 g6 6. 0-0 Bg7 7. b3 0-0 8. Bb2 d6 9. Nbd2 Qc7 10. e3 Nbd7 11. c4 Ne4 12. Nxe4 Bxe4 13. Qe2 e5 14. dxe5 dxe5 15. Rfd1 Rad8 16. Nxe5 Bxg2 17. Nxd7 Rxd7 18. Rxd7 Qxd7 19. Bxg7 Kxg7 20. Kxg2 Rd8 21. Re1 h5 22. h3 Qd2 23. h4 Qa5 24. Qb2+ Kg8 25. Re2 Rd3 26. Qc2 Rd6 27. e4 b5 28. cxb5 Qxb5 29. Rd2 Rd4 30. Qc3 Rxe4 31. Rd8+ Re8 32. Rxe8+ Qxe8 33. Qxc5 Qe4+ 34. Kh2 Qb7 35. b4 Kg7 36. a4 f6 37. b5 Kh6 38. Qf8+ Kh7 39. Qxf6 Qd7 40. Qf4 Kg8 41. Qc4+ Kg7 42. Qc5 Qf7 43. a5 1-0

[Event "Paracin Prestige op"]
[Site "Paracin"]
[Date "2024.01.18"]
[Round "5"]
[White "Jocev, Milan"]
[Black "Obolonin, Filipp"]
[Result "1-0"]
[WhiteElo "2376"]
[BlackElo "1970"]
[PlyCount "53"]
[EventDate "2024.01.15"]
[EventType "swiss"]
[EventRounds "9"]
[EventCountry "SRB"]
[SourceTitle "CBM 218 Extra"]
[Source "ChessBase"]
[SourceDate "2024.03.31"]
[SourceVersion "1"]
[SourceVersionDate "2024.03.31"]
[SourceQuality "1"]

1. d4 Nf6 2. c4 e6 3. g3 d5 4. Nf3 c5 5. Bg2 Nc6 6. 0-0 Be7 7. cxd5 Nxd5 8. Nc3 Nxc3 9. bxc3 0-0 10. e4 cxd4 11. cxd4 Qa5 12. Qb3 Rd8 13. Rd1 Bf6 14. Be3 b6 15. g4 g6 16. Rac1 Bd7 17. e5 Bg7 18. Ng5 Rac8 19. d5 Nxe5 20. dxe6 Rxc1 21. exf7+ Kh8 22. Bxc1 Rf8 23. Nxh7 Bxg4 24. Nxf8 Bxd1 25. Qxd1 Bxf8 26. Bb2 Kh7 27. Bd5 1-0

[Event "Viljandi Raud Memorial 54th"]
[Site "Viljandi"]
[Date "2020.07.06"]
[Round "1"]
[White "Obolonin, Filipp"]
[Black "Miezis, Normunds"]
[Result "0-1"]
[WhiteElo "1922"]
[BlackElo "2489"]
[PlyCount "129"]
[EventDate "2020.07.06"]
[EventType "swiss"]
[EventRounds "9"]
[EventCountry "EST"]
[SourceTitle "CBM 197 Extra"]
[Source "ChessBase"]
[SourceDate "2020.09.30"]
[SourceVersion "1"]
[SourceVersionDate "2020.09.30"]
[SourceQuality "1"]

1. d4 Nf6 2. Nf3 e6 3. g3 b5 4. Bg2 Bb7 5. Bg5 c5 6. c3 Na6 7. 0-0 Be7 8. Nbd2 cxd4 9. cxd4 Qb6 10. e3 0-0 11. Rc1 h6 12. Bxf6 Bxf6 13. Ne1 Bxg2 14. Nxg2 Rac8 15. Qb3 Be7 16. a3 d5 17. Rc2 b4 18. a4 Rc6 19. Rfc1 Rfc8 20. Qd3 Nb8 21. b3 Nd7 22. Nf3 Bd6 23. Nge1 Nf6 24. Nd2 g6 25. Rxc6 Rxc6 26. Rxc6 Qxc6 27. Qc2 Qa6 28. Nd3 Kg7 29. Nc1 e5 30. dxe5 Bxe5 31. Nf3 Bc3 32. Ne2 Ne4 33. Nf4 Nf6 34. Nh4 g5 35. Nf5+ Kf8 36. Ne2 Ne4 37. Ned4 Nd2 38. Qd1 Qd3 39. h3 a5 40. g4 Ke8 41. Nf3 Qb1 42. Qxb1 Nxb1 43. Nxh6 Bf6 44. Nf5 Kd7 45. Kf1 Nc3 46. Ne1 Ne4 47. Nd3 Nd2+ 48. Ke2 Nxb3 49. Kd1 Kc6 50. Kc2 Na1+ 51. Kb1 Nb3 52. Kc2 Nc5 53. Nxc5 Kxc5 54. Kb3 d4 55. exd4+ Bxd4 56. f3 Bf2 57. Nh6 f6 58. Ng8 Bd4 59. Ne7 Kd6 60. Ng6 Bf2 61. f4 Kd5 62. fxg5 fxg5 63. Ne7+ Ke4 64. Nc6 Bb6 65. Kc4 0-1

[Event "Tallinn op"]
[Site "Tallinn"]
[Date "2014.02.22"]
[Round "3"]
[White "Vainula, Rene"]
[Black "Obolonin, Filipp"]
[Result "1/2-1/2"]
[WhiteElo "1569"]
[BlackElo "1667"]
[PlyCount "69"]
[EventDate "2014.02.21"]
[EventType "swiss"]
[EventRounds "7"]
[EventCountry "EST"]
[SourceTitle "CBM 159 Extra"]
[Source "ChessBase"]
[SourceDate "2014.04.24"]
[SourceVersion "1"]
[SourceVersionDate "2014.04.24"]
[SourceQuality "1"]

1. e4 e6 2. d4 d5 3. exd5 exd5 4. Nf3 Nf6 5. Nc3 Be7 6. Bd3 0-0 7. 0-0 c5 8. dxc5 Nc6 9. Re1 Bxc5 10. Bg5 Be6 11. Qd2 d4 12. Ne4 Nxe4 13. Rxe4 Qb6 14. Rh4 f5 15. b3 Rae8 16. Bh6 gxh6 17. Qxh6 Rf7 18. Ng5 Bf8 19. Qh5 Ree7 20. Nxf7 Rxf7 21. Re1 Nb4 22. Qg5+ Kh8 23. g4 Be7 24. Qh6 Bxh4 25. Rxe6 Qd8 26. Bxf5 d3 27. cxd3 Nxd3 28. Bxd3 Bxf2+ 29. Kg2 Bb6 30. Re2 Qd5+ 31. Be4 Rf2+ 32. Rxf2 Qxe4+ 33. Kf1 Qb1+ 34. Kg2 Qe4+ 35. Kf1 1/2-1/2